Noms des anniversaires de mariage - Statistiques

Statistiques générales
  • Ce quiz a été pris 342 fois
  • Le résultat moyen est 29 sur 83
Statistiques - réponses
Année Noces % Correct
50 Or
97%
25 Argent
93%
60 Diamant
88%
1 Coton
85%
5 Bois
80%
35 Rubis
79%
40 Émeraude
76%
41 Fer
74%
32 Cuivre
71%
22 Bronze
69%
16 Saphir
69%
80 Chêne
64%
70 Platine
63%
37 Papier
62%
17 Rose
62%
10 Étain
60%
12 Soie
60%
7 Laine
57%
100 Eau
48%
30 Perle
47%
2 Cuir
46%
20 Porcelaine
44%
15 Cristal
42%
78 Ébène
42%
44 Topaze
42%
76 Zinc
42%
26 Jade
41%
14 Plomb
41%
24 Satin
39%
34 Ambre
35%
63 Lilas Feuille
35%
45 Vermeil
35%
21 Opale
34%
48 Améthyste
33%
42 Nacre
33%
72 Titane
32%
62 Ivoire
31%
28 Nickel
29%
29 Velours
29%
68 Granit
28%
90 Granit
28%
66 Jasmin
27%
13 Muguet
27%
47 Cachemire
26%
55 Orchidée
25%
61 Platane
25%
75 Albâtre
24%
8 Coquelicot
24%
18 Turquoise
24%
9 Faïence
22%
27 Acajou
21%
4 Cire
21%
11 Corail
21%
39 Crêpe
21%
58 Érable
21%
79 Bambou
20%
49 Cèdre
20%
69 Mélèze
20%
38 Mercure
20%
53 Merisier
20%
71 Ocre
19%
51 Camélia
18%
3 Froment
18%
59 Olivier
18%
23 Béryl
17%
6 Chypre
16%
46 Lavande
16%
65 Palissandre
16%
19 Cretonne
15%
43 Flanelle
15%
73 Fonte
15%
52 Tourmaline
15%
67 Chinchilla
14%
33 Porphyre
14%
74 Sienne
14%
85 Uranium
14%
64 Astrakan
13%
57 Azalée
13%
54 Zibeline
13%
31 Basane
11%
56 Buis
11%
77 Silice
11%
36 Mousseline
10%
Aucun quiz correspondant
Distribution des résultats
% des personnes avec chaque résultat
Percentile par nombre de réponses
Votre historique - résultats
Vous n’avez pas pris ce quiz